The use of saline waters for crop production

Bibliographic Details
Main Author: Rhoades, J. D.
Other Authors: Kandiah, A. [ (Arumugam)], Mashali, A. M.
Format: Book
Published: Jodhpur, India : Food and Agriculture Organization of the United Nations , 1992.
Series:FAO irrigation and drainage paper 48
Subjects:

MARC

LEADER 00000cam a2200000 7i4500
001 0000003656
005 20080129.0
020 0 0 |a 8172330936 
090 0 0 |a 612.I754   |b RHO 
100 1 0 |a Rhoades, J. D. 
245 1 0 |a The use of saline waters for crop production   |c by J.D. Rhoades, A. Kandiah, A.M. Mashali. 
260 0 0 |a Jodhpur, India :   |b Food and Agriculture Organization of the United Nations ,   |c 1992. 
300 |a xiv, 133 p. :   |b ill. ;   |c 30 cm. 
440 0 0 |a FAO irrigation and drainage paper   |v 48 
650 0 0 |a Saline irrigation 
700 1 1 |a Kandiah, A. [  |q (Arumugam)] 
700 1 1 |a Mashali, A. M. 
999 |a 0000007240   |b Monograph   |c Open Shelf   |e Default branch